Synthesa logických obvodů pomocí pneumatického prahového členu LP3 /

Na minha lista:
Detalhes bibliográficos
Autor principal: Krátký, Vladimír (Author)
Formato: Livro
Idioma:tcheco
Publicado em: Praha : VÚOSaO, 1971
Tags: Adicionar Tag
Sem tags, seja o primeiro a adicionar uma tag!

MARC

LEADER 00000nam a22000003a 4500
001 stu38136
005 20150617225728.8
008 920916s1971----cs------------------cze-d
040 |a STU  |b slo 
041 0 |a cze 
044 |a cs 
100 1 |a Krátký, Vladimír  |4 aut 
245 1 |a Synthesa logických obvodů pomocí pneumatického prahového členu LP3 /  |c [aut.]Vladimír Krátky 
260 |a Praha :  |b VÚOSaO,  |c 1971 
300 |a 80 listov 
996 |b 284M003862  |c M*4169/2A-1  |l MMKN  |s A  |a 24  |w stu38136_0001